000 01687cam a22004337a 4500
003 CHAP
005 20220329142808.0
008 031024s2003 mx r 00010 spa d
010 _a87846
011 _a88818
035 _a99363
040 _cCHAP
090 _aTesis
100 0 0 _aAlvarado Arellano, Ma. Santos.
_94755
245 1 0 _aEtiología y manejo de hongos de la rizosfera del clavel (Dianthus caryophyllus L. var. 'Dona') en Coatepec Harinas, Estado de México
_c/por Ma. Santos Alvarado Arellano
260 _aChapingo, Méx. :
_bEl autor,
_c2003.
300 _a69 h. :
_bilus. ; cuadros
502 _aTesis (Ing. Agr. Esp. en Parasitología Agrícola) -- UACH. Departamento de Parasitología Agrícola
530 _aTambién disponible en línea
590 _aALEPH
_b10
_c20130110
_lUCH01
_h1456
590 _aBATCH-UPD
_b10
_c20130110
_lUCH01
_h0622
590 _aBATCH-UPD
_b10
_c20130410
_lUCH01
_h0305
590 _aBATCH-UPD
_b10
_c20130914
_lUCH01
_h0253
590 _aBATCH-UPD
_b10
_c20140324
_lUCH01
_h1441
590 _aBATCH-UPD
_b10
_c20141002
_lUCH01
_h0820
590 _aBATCH
_b00
_c20181121
_lUCH01
_h0758
590 _aCONVERSION
_b10
_c20130109
_lUCH01
_h1349
650 1 4 _aClavel
_xEnfermedades por hongos.
_923702
650 1 4 _aFlores
_xMéxico (Edo.)
_941392
650 1 4 _aReacción de cadenas de polimerasa.
_994913
650 1 4 _aRizósfera.
_997820
856 _3Finding aid
_uhttp://10.13.5.2/tesis/99363.pdf
_zTeclea aqui
856 _a1
_n0000251
901 _aBK
905 _aAlejandra Carrasco M.
942 _cFOLL
949 _aTesis
_bBC
_cTES
_d33724000891883
_eTS2
_fc.2
_h41549
_i99363
_sb
949 _aTesis
_bBC
_cTES
_d993631
_eTS1
_h41548
_i99363
_sb
999 _c87846
_d87846